Statistiques concernant Trouvez la position des lettres dans l'alphabet (ordre inversé)

Cliquez ici pour prendre le quiz!

Statistiques générales

  • Ce quiz a été pris 66 fois
  • Le résultat moyen est 7 sur 13

Statistiques - réponses

LettrePosition% Correct
P11
100%
O12
100%
L15
100%
J17
100%
Y2
100%
F21
100%
E22
100%
D23
100%
C24
100%
X3
100%
W4
100%
V5
100%
I18
50%
B25
50%
Z1
0%
Q10
0%
N13
0%
M14
0%
K16
0%
H19
0%
G20
0%
A26
0%
U6
0%
T7
0%
S8
0%
R9
0%

Distribution des résultats

Percentile par nombre de réponses

% des personnes avec chaque résultat

Votre développement - résultats

Vous n’avez pas pris ce quiz